Statistics for Well Ya Got Trouble Lyrics

Click here to take the quiz!

General Stats

  • This quiz has been taken 14 times
  • The average score is 397 of 681

Answer Stats

Lyrics% Correct
a
100%
A
100%
a
100%
An'
100%
An
100%
got
100%
I
100%
I
100%
T
100%
T!
100%
Trouble
100%
trouble!
100%
Trouble!
100%
trouble
100%
trouble,
100%
we
100%
Well,
100%
Well
100%
Ya
100%
ya
100%
you
100%
and
86%
And
86%
B,
86%
be
86%
for
86%
he
86%
I'm
86%
I'm
86%
in
86%
In
86%
Is
86%
is
86%
it
86%
It
86%
my
86%
P
86%
P!
86%
right
86%
Right
86%
the
86%
The
86%
to
86%
To
86%
too
86%
too!
86%
are
71%
Are
71%
ball
71%
billiard
71%
certain
71%
Certainly
71%
City!
71%
City
71%
consider
71%
cool
71%
eye
71%
friend
71%
Golden
71%
golden
71%
head
71%
here
71%
hours
71%
keen
71%
know
71%
mighty
71%
mighty
71%
of
71%
On
71%
on
71%
player
71%
pocket
71%
Pockets
71%
pockets
71%
proud
71%
proud
71%
River
71%
say,
71%
say
71%
so
71%
spend
71%
sure
71%
tell
71%
that
71%
That
71%
Why
71%
Your
71%
your
71%
all
57%
always
57%
Between
57%
billiard
57%
cue
57%
Dan
57%
difference
57%
five,
57%
four,
57%
game
57%
hand
57%
Help
57%
horse!
57%
horse
57%
if
57%
leave
57%
man?
57%
mark
57%
mean
57%
no!
57%
Oh,
57%
Oh
57%
One
57%
one,
57%
out
57%
see
57%
sense
57%
six
57%
son
57%
son,
57%
table
57%
three,
57%
three rail
57%
try
57%
two,
57%
With
57%
with
57%
Yes
57%
yes
57%
after
43%
as
43%
at
43%
away
43%
balls
43%
beer
43%
before
43%
below
43%
big
43%
bottle!
43%
boy
43%
brain
43%
brains,
43%
bum
43%
But
43%
can
43%
capital
43%
corruption!
43%
cultivate
43%
devil's
43%
Does
43%
down
43%
fifteen
43%
first,
43%
first
43%
folks!
43%
folks
43%
frank
43%
friends,
43%
Friends,
43%
friends
43%
From
43%
from
43%
gonna
43%
Heed
43%
house
43%
iron clad
43%
it's
43%
J'ever
43%
kind
43%
knee?
43%
knickerbockers
43%
late!
43%
leaves
43%
lemme
43%
maturity
43%
men
43%
mind
43%
moment
43%
Never
43%
next
43%
Now,
43%
numbered
43%
old
43%
parents
43%
perfectly
43%
Plymouth
43%
pool
43%
pool!
43%
rhyme
43%
rhymes
43%
Rock
43%
Rule!
43%
shove
43%
signs
43%
stands
43%
surely
43%
take
43%
tell tale
43%
their
43%
they
43%
They
43%
thing
43%
tryin'
43%
Tryin'
43%
warning
43%
Watch
43%
way
43%
what
43%
young
43%
yourself
43%
about
29%
animal
29%
any
29%
Armory!
29%
back
29%
balkline
29%
Bang?
29%
Bevo,
29%
blood
29%
boil?
29%
boob
29%
call
29%
choretime
29%
cigarette
29%
dance
29%
daughter
29%
depths
29%
fiends!
29%
figure
29%
find
29%
Fritterin'
29%
fritterin'!
29%
fritterin'
29%
gamblin'
29%
Get
29%
gettin'
29%
Gotta
29%
Hall?
29%
Hall
29%
hall
29%
Headin'
29%
Hearin'
29%
him
29%
his
29%
horse race
29%
instinct!
29%
jasper
29%
jockey
29%
jokes
29%
judgment,
29%
just
29%
keep
29%
kids
29%
Libertine
29%
like
29%
like,
29%
Like
29%
list'nin
29%
Mades
29%
Make
29%
medicinal
29%
money
29%
moral
29%
Mothers
29%
music
29%
night
29%
night,
29%
noontime,
29%
Not
29%
ones,
29%
ones
29%
or
29%
Or
29%
out a town
29%
pinch
29%
playin'
29%
race,
29%
race
29%
Rag-time,
29%
rebuckle
29%
road
29%
Scarlet
29%
school!
29%
school,
29%
score
29%
Sen-Sen
29%
set
29%
shameless
29%
shot?
29%
should
29%
sloth
29%
some
29%
so's
29%
step
29%
stuck up
29%
suit
29%
suppertime,
29%
swell?
29%
tail
29%
Tailor
29%
takes
29%
teaspoon
29%
terrible
29%
terrible,
29%
That'll
29%
Then
29%
there
29%
tool!
29%
trottin'
29%
up
29%
We've
29%
where
29%
Whiz
29%
wholesome
29%
wine
29%
women!
29%
Words
29%
words
29%
Would
29%
arms
14%
around
14%
beefsteak
14%
Billy's
14%
braggin'
14%
breath
14%
Cap'n
14%
caught
14%
cistern
14%
conversation
14%
conversation?
14%
corn
14%
cover
14%
creeping
14%
crib?
14%
cubebs
14%
dandelions
14%
degraday
14%
dime
14%
door
14%
empty
14%
fine
14%
finger?
14%
gentlemen
14%
goes
14%
grab
14%
hidden
14%
How
14%
idle
14%
index
14%
into
14%
jungle
14%
kinda
14%
loafin'
14%
long
14%
lots
14%
Maine,
14%
Massstaria!
14%
memorize
14%
nicotine
14%
novel
14%
Patch?
14%
patched
14%
peekin'
14%
playground!
14%
pounded
14%
pulled
14%
pumpin'
14%
Remember
14%
Saturday
14%
screen
14%
Settin'
14%
Shirt
14%
stain
14%
starting
14%
that's
14%
they're
14%
thinkin'
14%
Til
14%
water
14%
week
14%
We're
14%
while
14%
window
14%
Youth'll
14%
men'll
0%

Score Distribution

Percentile by Number Answered

Percent of People with Each Score

Your Score History

You have not taken this quiz